| Tag |
First Indicator |
Second Indicator |
Subfields |
| LEADER |
00000cam a2200000 4500 |
| 001 |
in00000073319 |
| 005 |
20151008052524.0 |
| 008 |
741031s1952 nyu 00000 eng |
| 010 |
|
|
|a 52014585
|
| 035 |
|
|
|a (OCoLC)01063567
|
| 035 |
|
|
|9 AAH3714AM
|
| 040 |
|
|
|c TLM
|d TXA
|d UtOrBLW
|
| 049 |
|
|
|a TXAM
|c [215768]
|
| 050 |
|
0 |
|a L901
|b .A492
|
| 092 |
|
|
|a 378.73
|b A213h
|
| 100 |
1 |
|
|a Adams George,
|c pseud.
|
| 245 |
1 |
0 |
|a How to afford that college education :
|b - and where to study.
|
| 264 |
|
1 |
|a Greenlawn, N.Y. :
|b Harian Publications,
|c [1952]
|
| 264 |
|
4 |
|c [©1952]
|
| 300 |
|
|
|a 250 pages
|
| 336 |
|
|
|a text
|b txt
|2 rdacontent
|
| 337 |
|
|
|a unmediated
|b n
|2 rdamedia
|
| 338 |
|
|
|a volume
|b nc
|2 rdacarrier
|
| 650 |
|
0 |
|a Universities and colleges
|v Directories.
|
| 650 |
|
0 |
|a Student aid.
|
| 999 |
|
|
|a MARS
|
| 999 |
f |
f |
|s 6d4503c5-0061-346b-8f7c-0a984bba24d0
|i 03cd4e5d-7062-31ae-bcd4-09b4a839fb6d
|t 0
|
| 952 |
f |
f |
|p ric
|a Texas A&M University
|b Rellis Campus
|c Joint Library Facility
|d Remote Storage
|t 0
|e L901 .A492
|h Library of Congress classification
|i unmediated -- volume
|m A14800864134
|
| 998 |
f |
f |
|a L901 .A492
|t 0
|l Remote Storage
|